000 00306nam a22001337a 4500
003 SGT
020 _a9789386819253
082 _a615
_bRAV
100 _aRAVI SHANKAR K
245 _aCLINICAL PHARMACY AND PHARMACOTHERAPEUTICS
260 _aINDIA
_bPHARMA MED
_c2018
300 _a1134
942 _2ddc
_cBK
999 _c34484
_d34484